Bartosz Walaszek animacje - Statystyki

Ogólne statystyki
  • Ten quiz został rozwiązany 146 razy
  • Średni wynik to 9 z 23
Statystyki odpowiedzi
Obrazkowy Odpowiedź % Poprawnych
Blok Ekipa
99%
Egzorcysta
95%
Kapitan Bomba
94%
Koń Rafał
93%
Galaktyczne Lektury
90%
Piesek Leszek
66%
Generał Italia
64%
Porucznik Kabura
61%
Miś Push Upek
45%
Pod gradobiciem pytań
35%
Czesiek hydraulik
27%
Człowiek biegunka
26%
Pindol
25%
Koleś Git
16%
Bułgarski pościggg
15%
Bird brain
11%
Miś Filemon
10%
Osa Aldona i bąk Andrzej
10%
Adwersarze
8%
Filmowe viceversum
8%
Stojący Wąż
4%
Wesołe Kino
4%
What if
2%
Nie znaleziono quizów pasujących do podanych kryteriów
Rozkład punktacji
Procent ludzi z każdym wynikiem
Percentyl według liczby udzielonych odpowiedzi
Twoja historia wyników
Nie rozwiązałeś tego quizu